Реестр Windows XP: Специальный справочник

গ্রন্থ-পঞ্জীর বিবরন
প্রধান লেখক: Шалин П. А. Павел Андреевич
ভাষা:রুশ
প্রকাশিত: СПб., Питер, 2003
মালা:Специальный справочник
বিষয়গুলি:
বিন্যাস: গ্রন্থ
KOHA link:https://koha.lib.tpu.ru/cgi-bin/koha/opac-detail.pl?biblionumber=54472

MARC

LEADER 00000nam0a2200000 4500
001 54472
005 20231031050635.0
010 |a 5947235447 
035 |a (RuTPU)RU\TPU\book\57123 
090 |a 54472 
100 |a 20030811d2003 km y0rusy50 ca 
101 0 |a rus 
102 |a RU 
105 |a a g 001zy 
200 1 |a Реестр Windows XP  |e Специальный справочник  |f П. А. Шалин 
210 |a СПб.  |c Питер  |d 2003 
215 |a 176 с.  |c ил. 
225 1 |a Специальный справочник 
320 |a Алфавитный указатель: с. 171-174. 
610 1 |a информатика 
610 1 |a операционные системы 
610 1 |a управление 
610 1 |a инструментальные средства 
610 1 |a системный реестр 
610 1 |a Windows XP 
610 1 |a справочники 
675 |a 681.3.066(035)  |v 3 
700 1 |a Шалин  |b П. А.  |g Павел Андреевич 
801 1 |a RU  |b 63413507  |c 20030811  |g PSBO 
801 2 |a RU  |b 63413507  |c 20031011  |g PSBO 
942 |c BK